| 000 | 00373nam a2200157Ia 4500 | ||
|---|---|---|---|
| 003 | 0STCL | ||
| 008 | 150530s9999 xx 000 0 und d | ||
| 040 |
_aSTCL _cSTCL |
||
| 100 | _aMilton; Scrimgeour; Ed | ||
| 245 | _aJohn Milton: Paradise Lost book I | ||
| 260 |
_bMacmillan _c1916 |
||
| 546 | _aEnglish | ||
| 942 |
_2ddc _cBK |
||
| 999 |
_c54323 _d54323 |
||
| 005 | 20220125170933.0 | ||